| 000 | 00554nam a2200181 4500 | ||
|---|---|---|---|
| 001 | 117718 | ||
| 003 | ES-MaACL | ||
| 005 | 20230906190946.0 | ||
| 007 | t| | ||
| 008 | 070214s1958 sp r ||||1| spa d | ||
| 100 | 1 |
_aPapell, Antonio. _988869 |
|
| 245 | 1 | 0 |
_aMoratín y su época / _cAntonio Papell. |
| 260 |
_aPalma de Mallorca : _bAtlante, _c1958. |
||
| 300 |
_a380 p. ; _c24 cm. |
||
| 500 | _aA la port.: `Edición del Excmo. Ayuntamiento de Palma`. | ||
| 710 | 2 |
_aPalma de Mallorca. _bAyuntamiento. _96109 |
|
| 852 |
_aES-MaACL _jC-14332 _bR.42318 |
||
| 999 |
_c117718 _d117718 |
||